000 nam a22 a 4500
999 _c305
_d305
005 20170503103626.0
008 170503b1986 -us||||| |||| 00| 0 eng d
040 _aAKMAL
082 _a001.6 BAR
090 _a001.6
_bBAR
100 1 _aKurshan, Barbara L
_9685
245 1 0 _aComputer literacy through applications /
_cBarbara L. Kurshan, Alan C. November, Jane D. Stone
260 _aBoston :
_bH. Mifflin,
_c1986
300 0 0 _a288p. :
_bcol.ill. ;
_c27cm
490 0 _aHoughton Mifflin computer education program
650 0 _aComputers
_xStudy and teaching
_9646
700 1 _aNovember, Alan C.
_9686
700 1 _aStone, Jane D.
_9687
942 _2ddc
_cBOOK